<The> Art of Japaness Management

Enregistré dans:
Détails bibliographiques
Auteur principal: Pascale, Richard Tanner
Autres auteurs: Athos, Anthony G.
Format: Livre
Langue:anglais
Publié: London Penguin Books 1981
Édition:1. ed.
Tags: Ajouter un tag
Pas de tags, Soyez le premier à ajouter un tag!

MARC

LEADER 00000nam a2200000 4500
001 c024739
005 20221220101328.7
041 0 |a eng 
044 |a GB 
245 1 0 |a <The> Art of Japaness Management  |c Richard Tanner Pascale, Anthony G. Athos 
250 |a 1. ed. 
264 1 |a London  |b Penguin Books  |c 1981 
300 |a 221 s. 
100 1 |a Pascale, Richard Tanner 
700 1 |a Athos, Anthony G.